000 00924cam a2200301 a 4500
001 17518767
005 20180125073749.0
008 121105t2014 mauab b 001 0 eng d
010 _a 2012953260
015 _aGBB281675
_2bnb
016 7 _a016152051
_2Uk
020 _a9780205909049 (pbk.)
020 _a0205909043 (pbk.)
035 _a(OCoLC)ocn808492408
040 _aUKMGB
_beng
_cUKMGB
_dOCLCO
_dVVJ
_dYDXCP
_dDLC
041 _aeng
042 _alccopycat
043 _an-us---
080 _a320.473 GRE
082 0 4 _a320.473 GRE
_223
100 1 _a19
101 _aPOL
245 1 4 _aThe struggle for democracy /
_cEdward S. Greenberg, Benjamin I. Page.
504 _aIncludes bibliographical references and index.
906 _a7
_bcbc
_ccopycat
_d2
_encip
_f20
_gy-gencatlg
942 _2ddc
_cBK
999 _c40947
_d40947